[Event "BC jun"]
[Site "Burnaby"]
[Date "2024.11.16"]
[Round "1.2"]
[White "Yang, Larry"]
[Black "Yang, Jingyun (Ryan)"]
[Result "0-1"]
[WhiteElo "1556"]
[BlackElo "2305"]
[EventType "swiss"]
[EventRounds "5"]
[EventCountry "CAN"]

1. e4 e5 2. Nf3 Nc6 3. Bc4 Bc5 4. d3 Nf6 5. c3 a6 6. b4 Bb6 7. O-O d6 8. h3 h6
9. a4 O-O 10. Re1 Re8 11. Qc2 Nh5 12. Be3 Bxe3 13. fxe3 Nf6 14. Nbd2 Be6 15.
Rad1 Bxc4 16. Nxc4 b5 17. axb5 axb5 18. Ncd2 d5 19. exd5 Nxd5 20. Ne4 Qe7 21.
Qb3 Nf6 22. Nfd2 Rad8 23. Nxf6+ Qxf6 24. Ne4 Qg6 25. Qc2 Ne7 26. Ra1 Nd5 27.
Ra5 f5 28. Nc5 c6 29. Ra6 f4 30. exf4 exf4 31. Raa1 Ne3 32. Qf2 Kh7 33. Kh1
Rd5 34. Rg1 Rf8 35. Rae1 Rf7 36. Re2 Qh5 37. Rd2 Qg6 38. Ra2 Qf5 39. Rd2 g5
40. Ne4 g4 41. h4 g3 42. Nxg3 fxg3 43. Qxe3 Qg4 {#R} 0-1

[Event "BC jun"]
[Site "Burnaby"]
[Date "2024.11.16"]
[Round "1.3"]
[White "Liu, Zachary"]
[Black "Zhou, Frank"]
[Result "1-0"]
[WhiteElo "2175"]
[BlackElo "1555"]
[EventType "swiss"]
[EventRounds "5"]
[EventCountry "CAN"]

1. c4 Nf6 2. g3 c6 3. Nf3 d5 4. Bg2 e6 5. b3 Be7 6. Bb2 O-O 7. O-O Re8 8. Qc2
Na6 9. d4 Nc7 10. Nbd2 Bf8 11. e4 dxe4 12. Nxe4 Nxe4 13. Qxe4 c5 14. Rad1 Qe7
15. Ba3 b6 16. Ne5 Ba6 17. Qf4 Rac8 18. Nc6 Qf6 19. Qxf6 gxf6 20. Nxa7 Rb8 21.
Rfe1 Bb7 22. dxc5 Bxg2 23. Kxg2 bxc5 24. Rd7 Rb7 25. Nc6 Ra8 26. Bb2 e5 27.
Ra1 Ra6 28. Nd8 Rba7 29. Bc3 Ne6 30. Rxa7 Rxa7 31. Nxe6 fxe6 32. Kf3 Kf7 33.
Ke2 h5 34. Kd3 h4 35. Kc2 h3 36. a3 Kg6 37. Kb2 Kf5 38. f3 Rd7 39. Kc2 Bg7 40.
b4 e4 41. fxe4+ Kxe4 42. Re1+ Kf5 43. b5 e5 44. a4 Kg4 45. Re3 Bh6 46. Re1 Bg5
47. a5 Kf3 48. b6 Rb7 49. Rb1 Kg2 50. a6 {#r} 1-0

[Event "BC jun"]
[Site "Burnaby"]
[Date "2024.11.16"]
[Round "1.4"]
[White "Chen, Zhengyu"]
[Black "Xu, Justin"]
[Result "0-1"]
[WhiteElo "1554"]
[BlackElo "2144"]
[EventType "swiss"]
[EventRounds "5"]
[EventCountry "CAN"]

1. Nf3 Nf6 2. g3 d5 3. Bg2 g6 4. b3 Bg7 5. Bb2 c6 6. O-O O-O 7. c4 Bg4 8. d4
Bxf3 9. Bxf3 Ne4 10. e3 Nd7 11. Nc3 Ndf6 12. Qd3 Nxc3 13. Bxc3 e6 14. a4 a5
15. Rfb1 Re8 16. b4 axb4 17. Rxb4 Re7 18. Rab1 h5 19. Qc2 Qc8 20. Qb3 Bf8 21.
Rb6 Rd7 22. a5 dxc4 23. Qxc4 Nd5 24. Bxd5 cxd5 25. Qxc8 Rxc8 26. Bd2 Rc2 27.
R1b2 Rxb2 28. Rxb2 Be7 29. Rb5 h4 30. Bb4 Bd8 31. Kg2 f5 32. f4 g5 33. Be1
hxg3 34. hxg3 g4 35. Bb4 Kf7 36. Bc5 Ke8 37. Bb6 Be7 38. Bc5 Rc7 39. Kf2 Bxc5
40. Rxc5 Rxc5 41. dxc5 Kd7 42. Ke2 Kc6 43. Kd3 Kb5 44. Kd4 Kxa5 {#R} 0-1

[Event "BC jun"]
[Site "Burnaby"]
[Date "2024.11.16"]
[Round "1.5"]
[White "Gao, Justin"]
[Black "Chua, Zachary"]
[Result "1-0"]
[WhiteElo "2019"]
[BlackElo "1540"]
[EventType "swiss"]
[EventRounds "5"]
[EventCountry "CAN"]

1. e4 c5 2. Nc3 d6 3. f4 Nc6 4. Nf3 Nf6 5. Bc4 g6 6. d3 Bg7 7. O-O O-O 8. Qe1
e6 9. Qh4 a6 10. f5 exf5 11. Bh6 b5 12. Bb3 fxe4 13. Ng5 Bf5 14. dxe4 Nd4 15.
exf5 Nxf5 16. Rxf5 gxf5 17. Bxg7 Kxg7 18. Bxf7 Qa5 19. Nd5 Rxf7 20. Nxf6 Kxf6
21. Qh6+ Ke7 22. Qe6+ Kd8 23. Qxf7 Kc8 24. Qxf5+ Kb7 25. Qxh7+ Kb6 26. Qd7 Qd2
27. Ne6 Ka5 28. a4 Rg8 29. axb5+ Kb4 30. c3+ Kb3 31. Ng7 Kxb2 32. Rf1 Qe3+ 33.
Kh1 Qxc3 34. Nf5 Qd3 35. Rg1 Rf8 36. Qg7+ Kb3 37. Qxf8 axb5 38. Nxd6 b4 39.
Qf3 Qxf3 40. gxf3 c4 41. Nxc4 Kxc4 42. h4 b3 43. h5 b2 44. h6 b1=Q 45. Rxb1
Kc3 46. h7 Kd3 47. h8=Q Ke2 48. Qc3 Kf2 49. f4 Ke2 50. Rb2+ Kf1 51. Qc1# 1-0

[Event "BC jun"]
[Site "Burnaby"]
[Date "2024.11.16"]
[Round "2.1"]
[White "Yang, Nathan Yi-Hsin"]
[Black "Song, Ethan"]
[Result "1/2-1/2"]
[WhiteElo "1675"]
[BlackElo "2349"]
[EventType "swiss"]
[EventRounds "5"]
[EventCountry "CAN"]

1. d4 Nf6 2. Bg5 d5 3. e3 e6 4. Nd2 Be7 5. Ngf3 h6 6. Bh4 Nbd7 7. Bd3 O-O 8.
c3 b6 9. Qe2 Bb7 10. Bg3 Ne4 11. a3 a5 12. Rc1 c5 13. O-O Rc8 14. Rfd1 Nxg3
15. hxg3 c4 16. Bc2 f5 17. Ne5 Nxe5 18. dxe5 Qe8 19. f4 Qg6 20. Qf2 h5 21. Nf3
Qh6 22. Nd4 Bc5 23. Kh2 Rc7 24. Rh1 Bxd4 25. exd4 b5 26. Kg1 g6 27. Qd2 Ba6
28. Kf2 Qg7 29. Ra1 Rfc8 30. Rhb1 Qe7 31. Rh1 Rb8 32. Rh2 Kg7 33. Bd1 Qf7 34.
g4 fxg4 35. Bxg4 Rh8 36. Rah1 Rcc8 37. Bf3 Rcf8 38. Rh4 Qe7 39. Qe3 b4 40.
axb4 axb4 41. Bxh5 {#d} 1/2-1/2

[Event "BC jun"]
[Site "Burnaby"]
[Date "2024.11.16"]
[Round "2.2"]
[White "Yang, Jingyun (Ryan)"]
[Black "Zhu, Jordan"]
[Result "1-0"]
[WhiteElo "2305"]
[BlackElo "1658"]
[EventType "swiss"]
[EventRounds "5"]
[EventCountry "CAN"]

1. e4 b6 2. d4 d5 3. exd5 Qxd5 4. Nc3 Qe6+ 5. Be3 Bb7 6. Nf3 Nf6 7. Ne5 Nbd7
8. Bc4 Bd5 9. Nxd5 Nxd5 10. Bb5 Nxe3 11. fxe3 Kd8 12. Bxd7 Qxe5 {#r} 1-0

[Event "BC jun"]
[Site "Burnaby"]
[Date "2024.11.16"]
[Round "2.3"]
[White "Tu, Liam"]
[Black "Liu, Zachary"]
[Result "0-1"]
[WhiteElo "1635"]
[BlackElo "2175"]
[EventType "swiss"]
[EventRounds "5"]
[EventCountry "CAN"]

1. d4 Nf6 2. c4 e6 3. Nf3 c5 4. d5 exd5 5. cxd5 d6 6. Nc3 g6 7. e4 Bg7 8. h3
O-O 9. Be3 Re8 10. Nd2 a6 11. a4 Nxe4 12. Ndxe4 f5 13. Nxc5 f4 14. Ne6 Bxe6
15. dxe6 fxe3 16. Bc4 Qh4 17. Qe2 exf2+ 18. Qxf2 Bxc3+ 19. bxc3 Qe4+ 20. Kd2
Re7 21. Rhf1 Nc6 22. Qe2 Qh4 23. Kc2 Ne5 24. Bb3 Rc8 25. Rad1 Qb4 26. Qe3 b5
27. Qd4 Qa5 28. axb5 axb5 29. Rde1 Qc7 30. Kb2 Rb8 31. Rf6 Qc6 32. Rf2 b4 33.
cxb4 Rxb4 34. Qc3 Rxb3+ 35. Kxb3 Qb6+ 36. Qb4 Qxb4+ 37. Kxb4 Nd3+ 38. Kc3 Nxf2
39. Re2 Nh1 40. Kd4 Ng3 41. Re1 h5 42. Kd5 h4 43. Kxd6 Nf5+ 44. Ke5 Kg7 {#R}
0-1

[Event "BC jun"]
[Site "Burnaby"]
[Date "2024.11.16"]
[Round "2.4"]
[White "Xu, Justin"]
[Black "Eirew, David"]
[Result "1-0"]
[WhiteElo "2144"]
[BlackElo "1604"]
[EventType "swiss"]
[EventRounds "5"]
[EventCountry "CAN"]

1. e4 d5 2. exd5 Nf6 3. d4 Bg4 4. Be2 Bxe2 5. Qxe2 Qxd5 6. Nf3 e6 7. a3 c6 8.
c4 Qh5 9. Nc3 Nbd7 10. Bf4 Be7 11. O-O O-O 12. d5 cxd5 13. cxd5 Rae8 14. dxe6
fxe6 15. Qxe6+ Kh8 16. Qc4 Nb6 17. Qb5 Qg6 18. Bg3 Nh5 19. Rfe1 Nxg3 20. hxg3
a6 21. Qb3 Bc5 22. Rxe8 Rxe8 23. Na4 Nxa4 24. Qxa4 b5 25. Qf4 Qc2 26. Qd2 Qxd2
27. Nxd2 Kg8 28. Kf1 Rd8 29. Ne4 Bd4 30. Rd1 Bb6 31. Rxd8+ Bxd8 32. Ke2 Kf7
33. Kd3 Be7 34. Kd4 Ke6 35. g4 {#r} 1-0

[Event "BC jun"]
[Site "Burnaby"]
[Date "2024.11.16"]
[Round "2.5"]
[White "Fang, Pengsen"]
[Black "Gao, Justin"]
[Result "1/2-1/2"]
[WhiteElo "1601"]
[BlackElo "2019"]
[EventType "swiss"]
[EventRounds "5"]
[EventCountry "CAN"]

1. e4 c5 2. Nc3 a6 3. Nf3 e6 4. d4 cxd4 5. Nxd4 b5 6. Bd3 Qc7 7. O-O Nf6 8.
Be3 Bb7 9. f3 Bc5 10. Qe2 Qb6 11. Qf2 Nc6 12. Nf5 Bxe3 13. Qxe3 Qxe3+ 14. Nxe3
O-O-O 15. f4 d5 16. exd5 exd5 17. Bf5+ Kc7 18. Ng4 Nxg4 19. Bxg4 d4 20. Ne4 h6
21. Nc5 Kb6 22. Nxb7 Kxb7 23. Bf3 d3 24. cxd3 Rxd3 25. Rac1 Rd6 26. Rxc6 Rxc6
27. Rc1 Rhc8 28. Kf2 Kb6 29. Bxc6 Rxc6 30. Rxc6+ Kxc6 31. Ke3 f5 32. Kd4 Kd6
33. b4 g5 34. g3 {#d} 1/2-1/2

[Event "BC jun"]
[Site "Burnaby"]
[Date "2024.11.16"]
[Round "3.1"]
[White "Zhang, Cary"]
[Black "Yang, Jingyun (Ryan)"]
[Result "0-1"]
[WhiteElo "1767"]
[BlackElo "2305"]
[EventType "swiss"]
[EventRounds "5"]
[EventCountry "CAN"]

1. e4 c5 2. c3 d5 3. exd5 Qxd5 4. d4 Nf6 5. Nf3 e6 6. Na3 cxd4 7. Nb5 Qd8 8.
Nbxd4 Be7 9. Bd3 O-O 10. O-O a6 11. Re1 Qc7 12. Qc2 Nc6 13. Nxc6 bxc6 14. Ng5
h6 15. Ne4 Ng4 16. g3 f5 17. Nd2 Bc5 18. Re2 f4 19. Ne4 fxg3 20. hxg3 Nxf2 21.
Nxf2 Qxg3+ 22. Kf1 e5 23. Ke1 Qg1+ 24. Kd2 Bxf2 25. Bc4+ Kh8 26. Qe4 Bf5 27.
Qxc6 Rad8+ 28. Bd5 Bg3 29. c4 Qd4# 0-1

[Event "BC jun"]
[Site "Burnaby"]
[Date "2024.11.16"]
[Round "3.2"]
[White "Liu, Zachary"]
[Black "Mok, Erwin Jun-Han"]
[Result "1/2-1/2"]
[WhiteElo "2175"]
[BlackElo "1937"]
[EventType "swiss"]
[EventRounds "5"]
[EventCountry "CAN"]

1. c4 c6 2. Nf3 d5 3. g3 Nf6 4. Bg2 Bf5 5. cxd5 cxd5 6. Qb3 Qd7 7. O-O Nc6 8.
Nc3 e6 9. d3 Bd6 10. Nb5 Bb8 11. Nbd4 Nxd4 12. Nxd4 Bg6 13. Bd2 O-O 14. Bc3 e5
15. Nf3 Re8 16. Rfd1 Bd6 17. Rac1 Rac8 18. Bb4 Bxb4 19. Qxb4 Bh5 20. Rxc8 Qxc8
21. Qd2 Bxf3 22. Bxf3 Qd7 23. Rc1 Rc8 24. Rxc8+ Qxc8 25. Qe3 Qb8 26. Qc5 b6
27. Qc6 Qd8 28. h4 g6 29. b4 Kg7 30. a3 e4 31. dxe4 dxe4 32. Bxe4 Qd1+ 33. Kg2
Qxe2 {Black offered a draw.} 34. Bf3 Qb2 35. Qa4 Qd4 36. Qc2 h5 37. Qe2 Qc3
38. Qa6 Qd4 39. Qxa7 Ne4 40. Bxe4 Qxe4+ 41. Kg1 Qe1+ 42. Kg2 Qe4+ 43. Kh2 Qd4
44. Qa8 Qxf2+ 45. Qg2 Qd4 46. Qc2 b5 47. Qe2 Qc4 48. Qe3 Qc2+ 49. Kg1 Qb1+ 50.
Kf2 Qb2+ 51. Kf3 Qf6+ 52. Ke4 Qe6+ 53. Kd3 Qc4+ 54. Kd2 Qa2+ 55. Ke1 Qb1+ 56.
Ke2 Qb2+ 57. Kf3 Qf6+ 58. Ke4 Qe6+ 59. Kf3 Qf6+ {#d} 1/2-1/2

[Event "BC jun"]
[Site "Burnaby"]
[Date "2024.11.16"]
[Round "3.3"]
[White "Wu, Bowen"]
[Black "Xu, Justin"]
[Result "0-1"]
[WhiteElo "1699"]
[BlackElo "2144"]
[EventType "swiss"]
[EventRounds "5"]
[EventCountry "CAN"]

1. d4 d5 2. c4 dxc4 3. Nf3 Nf6 4. Nc3 c6 5. e3 b5 6. a4 b4 7. Na2 a5 8. Bxc4
e6 9. b3 Ba6 10. Qc2 Bxc4 11. Qxc4 Qd5 12. Qxd5 cxd5 13. Bd2 Nbd7 14. O-O Bd6
15. Nc1 Ke7 16. Nd3 Rhc8 17. Rfc1 Ne4 18. Kf1 g5 19. h3 h5 20. Ke2 g4 21. hxg4
hxg4 22. Nh4 Ndf6 23. g3 Nxd2 24. Kxd2 Ne4+ 25. Ke2 Rc3 26. Rab1 Rac8 27. Ng2
Rc2+ 28. Rxc2 Rxc2+ 29. Kd1 Rd2+ 30. Kc1 Rxd3 31. Rb2 Rc3+ 32. Kd1 e5 33. Nh4
Kf6 34. Ng2 exd4 35. exd4 Rd3+ 36. Ke2 Rxd4 37. Ne3 Nc3+ 38. Kf1 Ke6 39. Kg2
f5 40. Rc2 Rd3 41. Rc1 Bc5 42. Nf1 Rd1 43. Rc2 d4 {#R} 0-1

[Event "BC jun"]
[Site "Burnaby"]
[Date "2024.11.16"]
[Round "3.4"]
[White "Song, Ethan"]
[Black "Fang, Pengsen"]
[Result "1-0"]
[WhiteElo "2349"]
[BlackElo "1601"]
[EventType "swiss"]
[EventRounds "5"]
[EventCountry "CAN"]

1. e4 c5 2. Nf3 Nc6 3. Bb5 g6 4. O-O Bg7 5. Bxc6 dxc6 6. d3 Nf6 7. Nc3 Bg4 8.
h3 Bxf3 9. Qxf3 O-O 10. Be3 b6 11. Rad1 e5 12. Ne2 Re8 13. Ng3 Nd7 14. c3 Nf8
15. Ne2 Ne6 16. Qg3 Qd7 17. f4 exf4 18. Nxf4 Rad8 19. Qf2 Nxf4 20. Bxf4 f5 21.
Bg5 Rc8 22. exf5 gxf5 23. Qxf5 Qc7 24. Rde1 Rf8 25. Qg4 Qd6 26. Rxf8+ Rxf8 27.
Be7 {#r} 1-0

[Event "BC jun"]
[Site "Burnaby"]
[Date "2024.11.16"]
[Round "3.5"]
[White "Gao, Justin"]
[Black "Yang, Nathan Yi-Hsin"]
[Result "0-1"]
[WhiteElo "2019"]
[BlackElo "1675"]
[EventType "swiss"]
[EventRounds "5"]
[EventCountry "CAN"]

1. e4 c5 2. Nc3 Nc6 3. f4 d6 4. Nf3 a6 5. a4 Nf6 6. Bc4 e6 7. d3 d5 8. Bb3
dxe4 9. Nxe4 Nxe4 10. dxe4 Qc7 11. O-O Be7 12. Be3 b6 13. Qe1 Bb7 14. c3 O-O-O
15. Qf2 Na5 16. Bc2 Nc4 17. Bc1 Nd6 18. Qe2 Kb8 19. Ne5 f6 20. Nc4 Qc6 21.
Nxd6 Bxd6 22. Be3 h5 23. Rad1 Qc7 24. h3 Ka7 25. Qf2 Rdg8 26. a5 Rc8 27. b4
Ka8 28. axb6 Qxb6 29. c4 Be7 30. Rd7 Bf8 31. Ra1 Qc6 32. Ba4 Qxe4 33. b5 Qxc4
34. bxa6 Bd5 {#R} 0-1

[Event "BC jun"]
[Site "Burnaby"]
[Date "2024.11.17"]
[Round "4.1"]
[White "Yang, Jingyun (Ryan)"]
[Black "Xu, Justin"]
[Result "1/2-1/2"]
[WhiteElo "2305"]
[BlackElo "2144"]
[EventType "swiss"]
[EventRounds "5"]
[EventCountry "CAN"]

1. e4 c5 2. Nf3 d6 3. c3 Nf6 4. h3 g6 5. Bd3 Bg7 6. Bc2 Nc6 7. O-O O-O 8. d4
cxd4 9. cxd4 Nb4 10. Bb3 d5 11. e5 Ne4 12. Nc3 Bf5 13. g4 Be6 14. Ng5 Nxg5 15.
Bxg5 Qd7 16. Ba4 Nc6 17. Bxc6 bxc6 18. Na4 f6 19. Nc5 Qc8 20. exf6 exf6 21.
Bf4 h5 22. Re1 Re8 23. Qd3 g5 24. Nxe6 Rxe6 25. Be3 hxg4 26. hxg4 Kf7 27. f3
Qc7 28. Bf2 Rae8 29. Kg2 Qb6 30. b3 Qb4 31. Rxe6 Rxe6 32. Rc1 Qb6 33. Re1 Rxe1
34. Bxe1 Qb7 35. Bg3 Qd7 36. Qa6 f5 37. gxf5 Bxd4 38. Qd3 c5 39. b4 Qe7 40.
bxc5 Qxc5 41. Qe2 Be3 42. f4 Kf6 43. fxg5+ Kxg5 44. Kh3 Qd4 45. f6 Kxf6 46.
Qh5 Qe4 47. Qh8+ Kf7 48. Qh5+ Ke7 49. Kh2 Bd4 50. Qd1 Be5 51. Bxe5 Qxe5+ 52.
Kg1 d4 53. Qd3 Qc5 54. Kf2 Kd6 55. Ke2 Kc7 56. Qb3 Qe5+ 57. Kd2 a5 58. Qf7+
Kc6 59. Qc4+ Kd6 60. Qa6+ Ke7 61. Qb7+ Kf6 62. Qf3+ Kg5 63. Kd3 Qc5 64. Qg3+
Kf6 65. Qf4+ Ke6 66. Qxd4 Qa3+ 67. Qc3 Qxc3+ 68. Kxc3 Kd5 {#d} 1/2-1/2

[Event "BC jun"]
[Site "Burnaby"]
[Date "2024.11.17"]
[Round "4.2"]
[White "Mok, Erwin Jun-Han"]
[Black "Song, Ethan"]
[Result "0-1"]
[WhiteElo "1937"]
[BlackElo "2349"]
[EventType "swiss"]
[EventRounds "5"]
[EventCountry "CAN"]

1. d4 Nf6 2. c4 e6 3. Nc3 d5 4. cxd5 exd5 5. Bg5 c6 6. e3 Be7 7. Bd3 O-O 8.
Nge2 h6 9. Bh4 Re8 10. f3 b5 11. O-O b4 12. Na4 Ba6 13. b3 Nfd7 14. Bf2 Bxd3
15. Qxd3 Nb6 16. Nb2 N8d7 17. Rac1 Rc8 18. Rc2 c5 19. Rfc1 Bd6 20. Ng3 cxd4
21. Rxc8 Nxc8 22. exd4 Ncb6 23. Re1 Rxe1+ 24. Bxe1 Qc7 25. Qd2 a5 26. Nd3 Nf8
27. Qc1 Qd7 28. Qe3 Ng6 29. Kh1 Nc8 30. Nh5 Kh7 31. Bd2 Kh8 32. Kg1 Nce7 33.
g4 Qc8 34. Nc5 Nc6 35. Nd3 Bb8 36. Ng3 Nh4 37. Ne1 Ba7 38. Ne2 Qd8 39. Kf2 Qf6
40. Nc2 Ne5 41. Nf4 Nhxf3 42. Nxd5 Nxg4+ 43. Ke2 Qa6+ {#R} 0-1

[Event "BC jun"]
[Site "Burnaby"]
[Date "2024.11.17"]
[Round "4.3"]
[White "Yang, Nathan Yi-Hsin"]
[Black "Liu, Zachary"]
[Result "0-1"]
[WhiteElo "1675"]
[BlackElo "2175"]
[EventType "swiss"]
[EventRounds "5"]
[EventCountry "CAN"]

1. d4 Nf6 2. Nf3 g6 3. Bf4 Bg7 4. Nc3 d5 5. Qd2 O-O 6. h4 h5 7. e3 c6 8. a4
Bf5 9. Be2 Nbd7 10. Ne5 Rc8 11. f3 c5 12. g4 hxg4 13. fxg4 Ne4 14. Qc1 Nxc3
15. gxf5 Nxe2 16. Kxe2 cxd4 17. exd4 Nxe5 18. dxe5 Qc7 19. c3 Bxe5 20. Bh6 Bg7
21. Qg5 Qe5+ 22. Kd1 Bxh6 23. Qxh6 Qxf5 24. Qe3 d4 25. cxd4 Qc2+ 26. Ke1 Qxb2
27. Rd1 Rc6 28. d5 Qc3+ 29. Qxc3 Rxc3 30. d6 exd6 31. Rxd6 Rc1+ 32. Rd1 Rxd1+
33. Kxd1 Rd8+ 34. Kc2 Rd4 35. Kb3 Kg7 36. Ka3 Kh6 37. Kb3 f5 38. Rc1 Rd7 39.
Rc8 Rf7 40. Ra8 a6 41. Kb4 f4 42. Re8 f3 43. Re1 f2 {#R} 0-1

[Event "BC jun"]
[Site "Burnaby"]
[Date "2024.11.17"]
[Round "4.4"]
[White "Zhang, Cary"]
[Black "Arya, Aadit"]
[Result "0-1"]
[WhiteElo "1767"]
[BlackElo "1781"]
[EventType "swiss"]
[EventRounds "5"]
[EventCountry "CAN"]

1. e4 c6 2. d4 d5 3. exd5 cxd5 4. Bd3 Nc6 5. c3 Qc7 6. Ne2 Bg4 7. h3 Bh5 8.
O-O Nf6 9. Na3 a6 10. Qb3 e6 11. Bf4 Bd6 12. Bxd6 Qxd6 13. Qxb7 O-O 14. Qb3 e5
15. dxe5 Nxe5 16. Qc2 Rfe8 17. Ng3 Nxd3 18. Nxh5 Nxh5 19. Qxd3 Nf4 20. Qf3 Re4
21. Rfe1 Rae8 22. Rxe4 dxe4 23. Qe3 Qf6 24. Rd1 Qg5 25. g3 Qh5 26. Rd2 Nxh3+
27. Kf1 Ng5 28. Qf4 Nf3 29. Rd1 e3 30. fxe3 Qh1+ 31. Kf2 Qxd1 32. Qxf3 Qd2+
33. Qe2 Qd6 34. Nc4 Qc6 35. b3 Re6 36. Ke1 Rh6 37. e4 Re6 38. e5 Rh6 39. Kd2
Qh1 40. Ke3 Qg1+ 41. Kf4 g5+ 42. Kf3 Rh2 43. Qd3 Qg2+ 44. Kg4 Qh3+ 45. Kxg5
Rf2 46. Qe4 h6# 0-1

[Event "BC jun"]
[Site "Burnaby"]
[Date "2024.11.17"]
[Round "4.5"]
[White "Xu, Joey"]
[Black "Chen, Zhengyu"]
[Result "0-1"]
[WhiteElo "1714"]
[BlackElo "1554"]
[EventType "swiss"]
[EventRounds "5"]
[EventCountry "CAN"]

1. c4 c5 2. g3 g6 3. Bg2 Bg7 4. Nf3 Nc6 5. Nc3 e5 6. d3 d6 7. O-O Nge7 8. Bd2
O-O 9. Qc1 Rb8 10. Rb1 a5 11. b3 f6 12. Rd1 Be6 13. e3 b6 14. Nb5 d5 15. cxd5
Bxd5 16. a3 Qd7 17. Qc2 Rfc8 18. Nc3 Be6 19. Ne2 Bd5 20. Nc3 Be6 21. Ne2 h6
22. Bc3 Nd4 23. Qb2 Nxb3 24. d4 exd4 25. exd4 c4 26. d5 Nxd5 27. Nf4 Bf7 28.
Bh3 Qc6 29. Bxc8 Nxf4 30. gxf4 Qxf3 31. Rd8+ Kh7 32. Bxf6 c3 33. Qxc3 Qxc3 34.
Bxc3 Bxc3 35. Rd7 Kg8 36. Rc7 Bd2 37. Rd1 Bxf4 38. Rd8+ Kg7 39. Re7 Bg5 40.
Rxf7+ Kxf7 41. Be6+ Kxe6 42. Rxb8 Kf5 43. Rxb6 a4 44. Rb5+ Ke6 45. Rb6+ Kf7
46. Rb7+ Be7 47. Ra7 Nc5 48. Kf1 Ke6 49. Ke2 Bd6 50. h3 Be5 51. Kd2 Bb2 52.
Rh7 h5 53. Rc7 Bxa3 54. Kc3 Ne4+ 55. Kd4 Bd6 56. Rc4 Nxf2 57. Rxa4 Nxh3 58.
Ke3 Be5 59. Rh4 Ng5 60. Ra4 Kf5 61. Kf2 Ne6 62. Kg2 g5 63. Rc4 g4 64. Ra4 Nf4+
65. Kh1 g3 66. Ra3 g2+ 67. Kh2 Bd4 68. Rg3 g1=R 69. Rg5+ Rxg5 {#R} 0-1

[Event "BC jun"]
[Site "Burnaby"]
[Date "2024.11.17"]
[Round "5.1"]
[White "Song, Ethan"]
[Black "Liu, Zachary"]
[Result "1/2-1/2"]
[WhiteElo "2349"]
[BlackElo "2175"]
[EventType "swiss"]
[EventRounds "5"]
[EventCountry "CAN"]

1. e4 c6 2. Nf3 d5 3. Nc3 Bg4 4. h3 Bxf3 5. Qxf3 e6 6. d3 Nf6 7. g3 Nbd7 8.
Bg2 Bd6 9. O-O Qe7 10. exd5 cxd5 11. Re1 O-O 12. Qd1 Qd8 13. Ne2 Qc7 14. Bd2
Rac8 15. c3 a6 16. d4 b5 17. Nc1 b4 18. Nd3 bxc3 19. Bxc3 Nb6 20. Rc1 Qa7 21.
Ne5 Nfd7 22. Nxd7 Qxd7 23. Bf1 Na4 24. Bxa6 Ra8 25. Qe2 Nxc3 26. bxc3 Qa7 27.
Bd3 Qxa2 28. Rc2 Qa5 29. Qh5 g6 30. Qe2 Rfc8 31. c4 dxc4 32. Bxc4 Bf8 33. Rd1
Rd8 34. Qe4 Qf5 35. Qe2 Qxh3 36. d5 exd5 37. Bxd5 Rac8 38. Rcd2 Re8 39. Qf3
Qf5 40. Qxf5 gxf5 41. Ba2 Re7 42. Rd5 Bh6 43. Rxf5 Rc1 44. Rxc1 Bxc1 45. Kg2
Bb2 46. Bb1 f6 47. Rh5 Bd4 48. Bd3 Ra7 49. Bf5 Rb7 50. f4 Re7 51. Kf3 Kh8 52.
Rh1 Kg8 53. Be4 Kh8 54. Bb1 Kg8 55. Kg4 Rg7+ 56. Kh3 Bf2 57. g4 Be3 58. Rf1
Re7 59. Kh4 Kg7 60. Bf5 Bd2 61. Rf3 Re3 62. Rxe3 Bxe3 63. Kg3 Ba7 64. Kf3 Bb8
65. Ke4 Bc7 66. Be6 Bb8 67. Kf5 Bc7 68. Ba2 Bd6 69. Bb1 h6 70. Be4 Bb8 71. Bc2
Bc7 72. Ke4 Bb8 73. f5 Be5 74. Bb3 Bb2 75. Bc2 Bc1 76. Bd1 Bg5 77. Bc2 Kf7 78.
Kd5 Ke7 79. Kc6 Kd8 80. Kd6 Kc8 81. Kc6 Kb8 82. Kb6 Ka8 83. Ba4 Kb8 84. Bd7
Ka8 85. Bc8 Kb8 86. Be6 Ka8 87. Kc7 Ka7 88. Kd7 Kb6 89. Bf7 Kc5 90. Bh5 Kd4
91. Ke6 Kc3 92. Kf7 Kb2 93. Kg7 Ka1 94. Kh8 Kb2 95. Kg8 Kc1 96. Kf8 Kd1 97.
Ke8 Ke1 98. Kd8 Kf1 99. Kc8 Kg1 100. Kb8 Kh1 101. Ka8 Kh2 102. Ka7 Kh3 103.
Ka6 Kg3 104. Ka5 Kf4 105. Ka4 Ke5 106. Ka3 Kd6 107. Ka2 Ke7 108. Ka1 Kf8 109.
Kb1 Kg7 110. Kc2 Kh8 111. Kd1 Kg7 112. Ke2 Kf8 113. Kf1 Ke7 114. Kg2 Kd8 115.
Kh1 Kc7 116. Kg2 Kb8 117. Bf7 Ka8 118. Bd5+ Kb8 119. Be6 Ka7 120. Kf1 Kb6 121.
Ke2 Kc5 122. Kd3 Kd6 123. Kd4 Bf4 124. Bf7 Bg5 125. Be8 Bh4 126. Ba4 Bf2+ 127.
Ke4 Bh4 128. Bd1 Bg5 129. Bb3 Kc5 130. Bd1 Kd6 131. Bf3 Kc5 132. Kd3 Kd6 133.
Ba8 Bc1 134. Ke4 Bb2 135. Bd5 {#d} 1/2-1/2

[Event "BC jun"]
[Site "Burnaby"]
[Date "2024.11.17"]
[Round "5.2"]
[White "Arya, Aadit"]
[Black "Yang, Jingyun (Ryan)"]
[Result "0-1"]
[WhiteElo "1781"]
[BlackElo "2305"]
[EventType "swiss"]
[EventRounds "5"]
[EventCountry "CAN"]

1. e4 c5 2. Nc3 Nc6 3. f4 e6 4. Nf3 a6 5. d3 b5 6. g3 b4 7. Nb1 d5 8. Nbd2 Nf6
9. e5 Nd7 10. Bg2 Be7 11. O-O Qc7 12. Qe2 a5 13. Rf2 Ba6 14. Nf1 c4 15. d4 c3
16. Qe3 cxb2 17. Bxb2 Nb6 18. N1d2 g6 19. Rc1 h5 20. h3 a4 21. Bf1 Bxf1 22.
Rfxf1 Na5 23. Qd3 Nac4 24. Ba1 Nxd2 25. Nxd2 Nc4 26. Rb1 Nxd2 27. Qxd2 Qc4 28.
Rb2 Rc8 29. Rf2 Qc3 30. Qxc3 Rxc3 31. Kg2 h4 32. Rf3 a3 33. Rb3 Rxc2+ 34. Rf2
Rxf2+ 35. Kxf2 hxg3+ 36. Kxg3 Kd7 37. Bc3 bxc3 38. Rxc3 Rb8 39. Rc2 Rb2 {#R}
0-1

[Event "BC jun"]
[Site "Burnaby"]
[Date "2024.11.17"]
[Round "5.3"]
[White "Xu, Justin"]
[Black "Tu, Liam"]
[Result "1-0"]
[WhiteElo "2144"]
[BlackElo "1635"]
[EventType "swiss"]
[EventRounds "5"]
[EventCountry "CAN"]

1. d4 e6 2. c4 Nf6 3. Nf3 a6 4. g3 b5 5. cxb5 axb5 6. Bg2 Bb7 7. O-O c5 8.
dxc5 Bxc5 9. b3 O-O 10. Bb2 d6 11. a3 b4 12. a4 Qe7 13. Nbd2 Nc6 14. Qc1 Na5
15. Qd1 e5 16. h3 h6 17. Re1 Bd5 18. e4 Be6 19. Nh4 g6 20. Bf1 Nh5 21. Nf5
Bxf5 22. exf5 Nxg3 23. Bg2 Rac8 24. Rc1 Nxf5 25. Bd5 Qg5+ 26. Kf1 Qe7 27. Qg4
Kh7 28. Ne4 f6 29. Qe2 Bd4 30. Bxd4 Nxd4 31. Qa6 Rxc1 32. Rxc1 Naxb3 33. Rc4
f5 34. Rxb4 fxe4 35. Rb7 e3 36. Rxe7+ Kh8 37. Bxb3 Rxf2+ 38. Ke1 Nf3+ 39. Kd1
e2+ 40. Qxe2 Rxe2 41. Kxe2 Nd4+ 42. Kd3 Nxb3 43. Kc4 Nc5 44. a5 g5 45. Rc7 e4
46. Rxc5 e3 47. Rc8+ {#r} 1-0

[Event "BC jun"]
[Site "Burnaby"]
[Date "2024.11.17"]
[Round "5.4"]
[White "Yin, Andrew"]
[Black "Wang, Haoze (Dennis)"]
[Result "1/2-1/2"]
[WhiteElo "1688"]
[BlackElo "1491"]
[EventType "swiss"]
[EventRounds "5"]
[EventCountry "CAN"]

1. e4 d5 2. exd5 Qxd5 3. Nc3 Qd6 4. Nf3 Nf6 5. d4 c6 6. h3 Bf5 7. Be3 e6 8. a4
Nbd7 9. Bc4 Qc7 10. Nh4 Bg6 11. Nxg6 hxg6 12. Qf3 Bd6 13. Bb3 Nb6 14. O-O-O
O-O-O 15. Kb1 Nbd5 16. Nxd5 Nxd5 17. Bxd5 cxd5 18. Rd3 Kb8 19. Rc3 Qe7 20. Rd1
Rc8 21. Rb3 Qc7 22. Qe2 Bf4 23. Bxf4 Qxf4 24. Rdd3 Rc4 25. Rf3 Qc7 26. Rfc3
Rxc3 27. Rxc3 Qd6 28. Qb5 a6 29. Qd3 Rc8 30. Rxc8+ Kxc8 31. Qf3 Qd7 32. b3 Qe7
33. Kb2 f6 34. Qd3 g5 35. Qf3 Kd8 36. Qg3 Kc8 37. Qc3+ Kd7 38. Qa5 Qd6 39. Qc3
Qe7 40. Qg3 Kc8 41. Qc3+ Kd7 {#d} 1/2-1/2